| 000 | 01211nam a22002777a 4500 | ||
|---|---|---|---|
| 001 | 7139 | ||
| 003 | FISKH | ||
| 005 | 20250626085219.0 | ||
| 008 | 250625b cb ||||| |||| 00| 0 eng d | ||
| 020 | _a9788956355108 | ||
| 040 |
_aFISKH _beng _cFISKH _dFISKH |
||
| 050 | _aPZ7 | ||
| 082 | _a800 | ||
| 100 | _aSormark , Julie | ||
| 245 |
_aNandi and the tigers / _cRetold by Julie Sormark : through the art style Paul Serusier |
||
| 260 |
_aSeoul : _be-future , _c2010. |
||
| 300 |
_a39 pages : _bcolor illustrations ; _c23 cm . |
||
| 490 | _aArt classic stories | ||
| 505 | _aJ | ||
| 520 | _a"Nandi and the Tiger" is not a widely known or recognized title for a book. It's possible the title is slightly different, or the book is not well-known. However, there are several popular books with similar themes of tigers and human relationships, such as "The Tiger Who Came to Tea," "The Tiger Rising," and "The Girl and the Tiger." These stories explore themes of fear, friendship, and the impact of human presence on the natural world. | ||
| 521 | 8 |
_a500
_bLexile estimate |
|
| 521 | 8 |
_aJ
_bRaz-Plus |
|
| 700 |
_aChoi, Juseok _eIllustrator |
||
| 942 |
_2ddc _cBK _n0 |
||
| 999 |
_c7139 _d7139 |
||